000
00314nam a22001217a 4500
008
181126b xxu||||| |||| 00| 0 eng d
041
_a
eng
080
_a
043.3
100
_a
0
101
_a
BTH-SHKI
245
_a
Krahasimi dhe përzgjedhja e Frameworkave apo librarive të Javascriptit
_c
Bula,E
942
_2
udc
_c
BK
999
_c
52499
_d
52499